Pluviométrie par département en 2022 - Statistiques

Statistiques générales
  • Ce quiz a été pris 5 fois
  • Le résultat moyen est 26 sur 96
Statistiques - réponses
Précipitations
en m3
Litres par
m2
Région Département Rang % Correct
210 310 998 92 IDF Yvelines 1
80%
926 985 056 129 PDLL Maine-et-Loire 5
60%
3 285 518 531 764 PACA Alpes-Maritimes 94
40%
1 650 372 531 297 N Calvados 54
40%
2 520 498 154 366 B Côtes-d'Armor 67
40%
246 068 088 136 IDF Essonne 8
40%
1 080 052 063 179 N Eure 20
40%
665 691 813 113 CVDL Eure-et-Loir 2
40%
3 620 799 981 538 B Finistère 82
40%
3 957 710 345 902 ARA Haute-Savoie 96
40%
1 184 322 141 175 B Ille-et-Vilaine 18
40%
1 010 226 632 149 CVDL Indre 13
40%
780 040 868 127 CVDL Indre-et-Loire 4
40%
1 662 160 608 244 PDLL Loire-Atlantique 42
40%
899 257 640 133 CVDL Loiret 7
40%
772 345 748 144 NA Lot-et-Garonne 12
40%
2 327 917 397 392 N Manche 70
40%
1 150 185 224 222 PDLL Mayenne 34
40%
2 683 479 184 393 B Morbihan 71
40%
761 310 401 130 HDF Oise 6
40%
1 321 502 042 217 N Orne 32
40%
1 204 316 763 194 PDLL Sarthe 26
40%
4 635 583 120 769 ARA Savoie 95
40%
804 084 941 136 IDF Seine-et-Marne 8
40%
1 778 318 040 283 N Seine-Maritime 49
40%
518 730 815 140 O Tarn-et-Garonne 10
40%
150 031 207 120 IDF Val-d'Oise 3
40%
1 646 629 356 235 PDLL Vendée 38
40%
986 949 742 141 NA Vienne 11
40%
2 787 592 741 484 ARA Ain 77
20%
1 106 348 650 150 HDF Aisne 14
20%
1 757 424 410 239 ARA Allier 40
20%
3 246 802 439 469 PACA Alpes-de-Haute-Provence 75
20%
3 823 417 484 692 ARA Ardèche 90
20%
1 407 699 472 269 GE Ardennes 45
20%
1 701 402 077 348 O Ariège 64
20%
1 091 962 625 182 GE Aube 23
20%
1 098 748 364 179 O Aude 20
20%
2 488 084 096 285 O Aveyron 50
20%
1 018 028 654 214 GE Bas-Rhin 31
20%
371 019 116 609 BFC Belfort 88
20%
1 188 576 586 234 PACA Bouches-du-Rhône 36
20%
2 869 490 757 501 ARA Cantal 79
20%
1 263 863 313 212 NA Charente 30
20%
1 628 359 668 237 NA Charente-Maritime 39
20%
1 292 098 233 179 CVDL Cher 20
20%
2 971 583 643 507 NA Corrèze 81
20%
2 962 708 580 738 C Corse-du-Sud 93
20%
2 200 230 958 251 BFC Côte-d'or 44
20%
1 817 155 371 327 NA Creuse 61
20%
1 115 290 700 186 NA Deux-Sèvres 24
20%
2 024 354 126 223 NA Dordogne 35
20%
3 016 201 902 576 BFC Doubs 85
20%
2 885 343 140 442 ARA Drôme 74
20%
3 325 983 002 568 O Gard 84
20%
980 068 008 157 O Gers 15
20%
2 341 278 556 234 NA Gironde 36
20%
2 719 286 503 583 C Haute-Corse 86
20%
1 235 246 474 196 O Haute-Garonne 28
20%
1 593 692 449 320 ARA Haute-Loire 59
20%
1 884 305 892 303 GE Haute-Marne 56
20%
3 876 589 895 699 PACA Hautes-Alpes 91
20%
2 227 492 876 416 BFC Haute-Saône 73
20%
2 432 694 116 545 O Hautes-Pyrénées 83
20%
1 738 247 795 315 NA Haute-Vienne 58
20%
1 280 342 288 363 GE Haut-Rhin 66
20%
52 294 221 297 IDF Hauts-de-Seine 54
20%
2 305 658 564 370 O Hérault 68
20%
4 936 991 703 664 ARA Isère 89
20%
2 915 522 437 583 BFC Jura 86
20%
3 067 594 279 332 NA Landes 62
20%
1 360 927 860 285 ARA Loire 50
20%
1 051 543 620 166 CVDL Loir-et-Cher 17
20%
1 136 936 215 218 O Lot 33
20%
2 470 566 033 478 O Lozère 76
20%
1 445 900 316 177 GE Marne 19
20%
1 435 443 543 274 GE Meurthe-et-Moselle 46
20%
1 837 651 984 296 GE Meuse 53
20%
1 501 777 810 242 GE Moselle 41
20%
2 132 470 057 313 BFC Nièvre 57
20%
1 118 266 380 195 HDF Nord 27
20%
39 458 065 376 IDF Paris 69
20%
1 669 418 218 250 HDF Pas-de-Calais 43
20%
3 150 929 375 395 ARA Puy-de-Dôme 72
20%
5 466 761 500 715 NA Pyrénées-Atlantiques 92
20%
1 150 186 108 279 O Pyrénées-Orientales 48
20%
894 809 727 275 ARA Rhône 47
20%
2 895 352 144 338 BFC Saône-et-Loire 63
20%
68 121 882 289 IDF Seine-Saint-Denis 52
20%
991 919 556 161 HDF Somme 16
20%
1 168 784 040 203 O Tarn 29
20%
79 450 759 324 IDF Val-de-Marne 60
20%
2 995 275 951 501 PACA Var 79
20%
1 256 071 208 352 PACA Vaucluse 65
20%
2 937 607 712 500 GE Vosges 78
20%
1 411 804 044 190 BFC Yonne 25
20%
Aucun quiz correspondant
Distribution des résultats
% des personnes avec chaque résultat
Percentile par nombre de réponses
Votre historique - résultats
Vous n’avez pas pris ce quiz